00459nam a22001337a 450000500170000000800410001702000150005804000130007308200270008610000230011324501300013626000480026630000110031420171219102723.0171219b xxu||||| |||| 00| 0 eng d a043583102X cPK-LaUMT aPKAC 305.560941bBER-P aBerthoud , Richard aPoverty and the development of anti-Poverty policy in the United Kingdom/cRichard Berthoud , Joan C. Brown and Steven Cooper aLondon:bHeinemann educational books,c1981 a288 p.